| 000 | 00911nam a22002657a 4500 | ||
|---|---|---|---|
| 005 | 20170123162349.0 | ||
| 010 | _aA-794936 | ||
| 020 | _c40.00 | ||
| 035 | _aA-794936 | ||
| 037 | _bCen Lib/Ret | ||
| 040 |
_aDPL _bUR |
||
| 082 |
_a848 _bش م ی |
||
| 100 |
_aشمیم حنفی _9135259 |
||
| 245 |
_aسیاہ فام ادب / _cشمیم حنفی و سہیل احمد فاروقی |
||
| 246 |
_aSiyah fam adab / _bby Shamim Hanfi [and] Suhail Ahmad Farooqi |
||
| 260 |
_aنیی دہلی _bمکتبہ جامہ لمیٹڈ _c1995 |
||
| 270 |
_bنیی دہلی _aجامہ نگر _e110025 |
||
| 300 |
_a120p. _c21cm(Hb) |
||
| 650 |
_aادب -- اردو _9135260 |
||
| 650 |
_aاردو مضامین _9135261 |
||
| 650 |
_aLiterature -- Urdu _9135262 |
||
| 650 |
_aUrdu articles _9135263 |
||
| 700 |
_aفاروقی، سہیل احمد _9108766 |
||
| 942 |
_2ddc _cUR _h848 _mش م ی |
||
| 999 |
_c109091 _d109091 |
||